Normal view
MARC view
- Rock music fans
Entry Topical Term
001 - CONTROL NUMBER
- control field: 8159
003 - CONTROL NUMBER IDENTIFIER
- control field: NUST
005 - DATE AND TIME OF LATEST TRANSACTION
- control field: 20180110122607.0
008 - FIXED-LENGTH DATA ELEMENTS
- fixed length control field: 180110|| aca||aabn | a|a d
040 ## - CATALOGING SOURCE
- Original cataloging agency: NUST
- Transcribing agency: NUST
150 ## - HEADING--TOPICAL TERM
- Topical term or geographic name entry element: Rock music fans
- Form subdivision: Fiction.
670 ## - SOURCE DATA FOUND
- Source citation: Work cat.: (NUST)0: Thornton, Tim, 1973- 8158, The alternative hero /, 2009.
